000 00812nam a2200253 a 4500
001 57442
003 BD-RjUL
005 20211209080520.0
008 161210s1985 enk||||| |||| 001 0 eng d
035 _a(BD-RjUL) 57566
040 _aBD-RjUL
_beng
_cBD-RjUL
041 _aeng
082 _223
_a307.14
_bSOC 1985
245 _aSocial impact analysis and development planning in the Third World /
_cWilliam Derman; Scott Whiteford
260 _aLondon :
_bwestview press,
_cc1985.
300 _axi, 295 p. ;
_c22 cm.
490 _a Social impact assessment series
_v12
500 _aIncludes index
650 _a Rural development
_xCase studies
_9170581
700 _aDerman, William
_9170582
700 _aWhiteford, Scott
_9170583
856 _3 Social impact assessment series
942 _2ddc
_cBK
999 _c57442
_d57442